000 00282 a2200109 4500
001 51203
040 _cAnchieta - Pituba
240 1 0 _aSchulen partner der zukunft
_l
245 1 0 _aSchulen partner der zukunft
650 4 _aLínguas germânicas (teutônicas) língua alemã
942 _cMX
999 _c51203
_d51203